000 00276nam a2200097Ia 4500
008 220204s9999 xx 000 0 und d
082 _a331.567.2
_bTRA
245 0 _aTraining manual for industrial training centres/institutes
260 _aIndia
_bGovt of India
_c1963
942 _cBK
999 _c23572
_d23572